000 00289nam a2200109Ia 4500
008 190914s9999||||xx |||||||||||||| ||und||
100 _aKhalid M. Ishaque
245 0 _aIslamic Principles of Economic Management
260 _aNew Delhi
_bTata McGraw Hill
_c2010
300 _a847
942 _cBK
999 _c9638
_d9638